h1

h2

h3

h4

h5
h6
001024464 001__ 1024464
001024464 005__ 20260414121613.0
001024464 0247_ $$2doi$$a10.1109/ISGTEurope64741.2025.11305515
001024464 0247_ $$2ISBN$$a8331525035
001024464 0247_ $$2ISBN$$a979-8-3315-2503-3
001024464 0247_ $$2ISBN$$a979-8-3315-2504-0
001024464 0247_ $$2ISBN$$a9798331525033
001024464 037__ $$aRWTH-2026-00083
001024464 041__ $$aEnglish
001024464 1001_ $$0P:(DE-82)IDM05465$$aBigalke, Julian$$b0$$eCorresponding author$$urwth
001024464 1112_ $$a2025 IEEE PES Innovative Smart Grid Technologies Conference Europe$$cValletta$$d2025-10-20 - 2025-10-23$$gISGT Europe$$wMalta
001024464 245__ $$aInvestigating the Effect of Grid-Serving Heat Pump Curtailments on the Thermal Behavior of Residential Buildings$$honline, print
001024464 260__ $$a[Piscataway, NJ]$$bIEEE$$c2025
001024464 29510 $$a2025 IEEE PES Innovative Smart Grid Technologies Conference Europe (ISGT Europe) : 20-23 Oct. 2025 : conference location: Valletta, Malta / IEEE
001024464 300__ $$a5 Seiten
001024464 3367_ $$033$$2EndNote$$aConference Paper
001024464 3367_ $$0PUB:(DE-HGF)7$$2PUB:(DE-HGF)$$aContribution to a book
001024464 3367_ $$0PUB:(DE-HGF)8$$2PUB:(DE-HGF)$$aContribution to a conference proceedings$$bcontrib$$mcontrib$$xAfter Call
001024464 3367_ $$2BibTeX$$aINPROCEEDINGS
001024464 3367_ $$2DRIVER$$aconferenceObject
001024464 3367_ $$2DataCite$$aOutput Types/Conference Paper
001024464 3367_ $$2ORCID$$aCONFERENCE_PAPER
001024464 588__ $$aDataset connected to CrossRef Conference
001024464 591__ $$aGermany
001024464 7001_ $$0P:(DE-82)IDM06479$$aRöhrig, Paul Maximilian$$b1$$urwth
001024464 7001_ $$0P:(DE-82)IDM06742$$aBong, Andreas$$b2$$urwth
001024464 7001_ $$0P:(DE-82)IDM05905$$aUlbig, Andreas$$b3$$urwth
001024464 8564_ $$uhttps://publications.rwth-aachen.de/record/1024464/files/1024464.pdf$$yRestricted
001024464 909CO $$ooai:publications.rwth-aachen.de:1024464$$pVDB
001024464 9101_ $$0I:(DE-588b)36225-6$$6P:(DE-82)IDM05465$$aRWTH Aachen$$b0$$kRWTH
001024464 9101_ $$0I:(DE-588b)36225-6$$6P:(DE-82)IDM06479$$aRWTH Aachen$$b1$$kRWTH
001024464 9101_ $$0I:(DE-588b)36225-6$$6P:(DE-82)IDM06742$$aRWTH Aachen$$b2$$kRWTH
001024464 9101_ $$0I:(DE-588b)36225-6$$6P:(DE-82)IDM05905$$aRWTH Aachen$$b3$$kRWTH
001024464 9141_ $$y2025
001024464 9151_ $$0StatID:(DE-HGF)0031$$2StatID$$aPeer reviewed article$$x0
001024464 9201_ $$0I:(DE-82)614010_20200506$$k614010$$lLehrstuhl für Aktive Energieverteilnetze$$x0
001024464 9201_ $$0I:(DE-82)053300_20140620$$k053300$$lFraunhofer-Institut für Angewandte Informationstechnik - FIT$$x1
001024464 961__ $$c2026-01-05T09:41:13.462660$$x2026-01-05T09:41:13.462660$$z2026-01-07
001024464 980__ $$aI:(DE-82)053300_20140620
001024464 980__ $$aI:(DE-82)614010_20200506
001024464 980__ $$aUNRESTRICTED
001024464 980__ $$aVDB
001024464 980__ $$acontb
001024464 980__ $$acontrib